|
|
|
|
| LEADER |
00000nta a2200000 i 4500 |
| 001 |
dolg7122 |
| 005 |
20160519140004.0 |
| 008 |
160519suuuu hu om 000 hun d |
| 040 |
|
|
|a BGE Dolgozattár Repozitórium
|b hun
|
| 041 |
|
|
|a hu
|
| 100 |
1 |
|
|a Kozák Dániel
|
| 245 |
1 |
0 |
|a Tőzsdei bevezetés a Facebook és a LinkedIn példáján keresztül
|c Kozák Dániel
|h [elektronikus dokumentum]
|
| 695 |
|
|
|a Tőzsde
|
| 695 |
|
|
|a IPO
|
| 695 |
|
|
|a Facebook
|
| 695 |
|
|
|a LinkedIn
|
| 700 |
1 |
|
|a Harsányi Dr. Gergely
|e ths
|
| 856 |
4 |
0 |
|u http://dolgozattar.uni-bge.hu/7122/1/Szakdolgozat_-_Koz%C3%A1k_D%C3%A1niel%20v%C3%A9gleges.PDF
|z Dokumentum-elérés
|